A fekete város regény
| Main Author: | |
|---|---|
| Format: | Book |
| Language: | English |
| PhysicalDescription: | 515 s. |
| Published: |
Bratislava
Madách Könyvkiadó
[s. a.]
|
MARC
| LEADER | 00000nam a2200000 a 4500 | ||
|---|---|---|---|
| 001 | vtls008187599 | ||
| 003 | SK-MaSNL | ||
| 005 | 20260302074056.0 | ||
| 008 | 240318 000 0 eng | ||
| 040 | |a SNK |b slo |c SNK |e AACR2 | ||
| 100 | 1 | |a Mikszáth, Kálmán, |d 1847-1910 |4 aut |9 89516 | |
| 245 | 1 | 0 | |a A fekete város |b regény |
| 260 | |a Bratislava |b Madách Könyvkiadó |c [s. a.] | ||
| 300 | |a 515 s. | ||
| 999 | |c 1163585 |d 1165515 | ||
| 952 | |a SNK |b SNK |y PREZ |7 0 |p 17A0481051 |o snkSC 51701 |i snkKSP 3371/81 |3 Rekatalogizácia |0 0 |1 0 |4 0 |d 2005-08-02 |l 0 |r 2025-11-04 00:00:00 |w 2026-02-24 | ||


